Приложения к Смете земских повинностей на 1899 год по Туркестанскому краю (Запись № 12273332)

Подробности
000 -МАРКЕР
контрольное поле 01590nam0a2200313 4500
001 - ИДЕНТИФИКАТОР ЗАПИСИ
контрольное поле RU\NLR\BIBL_A\012179005
005 - ИДЕНТИФИКАТОР ВЕРСИИ
контрольное поле 20260406232828.0
035 ## - ДРУГИЕ СИСТЕМНЫЕ НОМЕРА
Идентификатор записи (NLR Aleph) 012179005
100 ## - ДАННЫЕ ОБЩЕЙ ОБРАБОТКИ
Данные общей обработки 20190610d1898 |||y0rusy50 ca
101 0# - ЯЗЫК РЕСУРСА
Язык текста, звукозаписи и т.д. русский
102 ## - СТРАНА ПУБЛИКАЦИИ ИЛИ ПРОИЗВОДСТВА
Страна публикации Российская Федерация
105 ## - ПОЛЕ КОДИРОВАННЫХ ДАННЫХ: ТЕКСТОВЫЕ МАТЕРИАЛЫ, МОНОГРАФИЧЕСКИЕ
Кодированные данные о монографическом текстовом документе y z 000 y
200 1# - ЗАГЛАВИЕ И СВЕДЕНИЯ ОБ ОТВЕТСТВЕННОСТИ
Основное заглавие Приложения к Смете земских повинностей на 1899 год по Туркестанскому краю
210 ## - ПУБЛИКАЦИЯ, РАСПРОСТРАНЕНИЕ И ДР.
Место издания, распространения и т.д. [Санкт-Петербург
Имя издателя, распространителя и т. д. б. и.
Дата издания, распространения и т.д. 1898]
215 ## - ФИЗИЧЕСКАЯ ХАРАКТЕРИСТИКА
Специфическое обозначение материала и объем Разд. паг.
Размеры 34
300 ## - ОБЩИЕ ПРИМЕЧАНИЯ
Текст примечания В конце отдельных приложений: И. д. Управляющего Канцелярией Туркестанского Генерал-Губернатора (подпись); Делопроизводитель Афанасьев
309 ## - ПРИМЕЧАНИЯ ОБ ОСНОВНОМ ИСТОЧНИКЕ ИНФОРМАЦИИ И ОБ ОСОБЕННОСТЯХ ПОЛИГРАФИЧЕСКОГО ОФОРМЛЕНИЯ ИЗДАНИЯ
Текст примечания Без тит. л. и обл.
606 1# - НАИМЕНОВАНИЕ ТЕМЫ КАК ПРЕДМЕТ
Наименование темы Повинности земские
Формальный подзаголовок Документы и материалы
Географический подзаголовок Туркестанский край
Системный номер авторитетной/нормативной записи 2415155
Идентификатор авторитетной/нормативной записи RU\NLR\AUTH\6601657638
686 3# - ИНДЕКСЫ ДРУГИХ КЛАССИФИКАЦИЙ
Индекс У26(28)187.45,011
702 #1 - ИМЯ ЛИЦА - ВТОРИЧНАЯ ОТВЕТСТВЕННОСТЬ
Код отношения Подписавшее лицо
Графика поля Кириллица
Материалы, к которым относится поле rus
Начальный элемент ввода Афанасьев
Часть имени, кроме начального элемента ввода А. М.
Дополнения к именам, кроме дат чиновник, канцелярия Туркестан. ген.-губернатора
Даты 19-20 вв.
Расширение инициалов личного имени Аркадий Михайлович
Системный номер авторитетной/нормативной записи 223970
Идентификатор авторитетной/нормативной записи RU\NLR\AUTH\770224026
710 02 - НАИМЕНОВАНИЕ ОРГАНИЗАЦИИ - ПЕРВИЧНАЯ ОТВЕТСТВЕННОСТЬ
Начальный элемент ввода Туркестанский генерал-губернатор
Идентификатор авторитетной/нормативной записи RU\NLR\AUTH\889985905
Системный номер авторитетной/нормативной записи 467448
852 ## - МЕСТОНАХОЖДЕНИЕ И ШИФР ХРАНЕНИЯ
Идентификатор организации NLR
Шифр хранения (Call Number) 135/294-339 (6)
942 ## - ДОПОЛНИТЕЛЬНЫЕ ЭЛЕМЕНТЫ ЗАПИСИ (АБИС)
Тип экземпляра АБИС Книга
980 ## - КОЛЛЕКЦИЯ
Название коллекции Национальная библиография

Нет доступных экземпляров.